[Event "16. Torneo Aficionados Benidorm s-2000"]
[Site "Benidorm ESP"]
[Date "2017.12.05"]
[Round "6.5"]
[White "Garcia Serrano, Jose M"]
[Black "Nogues Fernandez, Ramon"]
[Result "1-0"]
[WhiteElo "1891"]
[BlackElo "1950"]
[PlyCount "61"]
[EventDate "2017.12.01"]
[EventType "swiss"]
[EventRounds "10"]
[EventCountry "ESP"]
[SourceTitle "Ajedrez en Madrid"]
[Source "lmi"]
[SourceDate "2017.12.01"]
[SourceVersion "1"]
[SourceVersionDate "2018.01.25"]
[SourceQuality "1"]

1. e4 c5 2. d4 cxd4 3. c3 Nf6 4. e5 Nd5 5. cxd4 e6 6. Bc4 d6 7. Nf3 Nc6 8. Qe2
Be7 9. O-O O-O 10. Nc3 Nxc3 11. bxc3 b6 12. Rd1 Bb7 13. d5 exd5 14. Bxd5 Qc8
15. Qe4 dxe5 16. Nxe5 Nd8 17. c4 Bxd5 18. cxd5 Bd6 19. Nf3 Nb7 20. Bb2 Re8 21.
Qd4 f6 22. Rac1 Qd7 23. Qd2 Nc5 24. Nd4 Rad8 25. f3 Qc7 26. g3 a6 27. Ne6 Qb8
28. Nxg7 Bxg3 29. Nh5 Bxh2+ 30. Kh1 Be5 31. Qg2+ 1-0

[Event "16. Torneo Aficionados Benidorm s-2000"]
[Site "Benidorm ESP"]
[Date "2017.12.05"]
[Round "6.6"]
[White "Viudes Serra, Aaron"]
[Black "Daugerts, Janis"]
[Result "0-1"]
[WhiteElo "1835"]
[BlackElo "1940"]
[PlyCount "118"]
[EventDate "2017.12.01"]
[EventType "swiss"]
[EventRounds "10"]
[EventCountry "ESP"]
[SourceTitle "Ajedrez en Madrid"]
[Source "lmi"]
[SourceDate "2017.12.01"]
[SourceVersion "1"]
[SourceVersionDate "2018.01.25"]
[SourceQuality "1"]

1. c4 Nf6 2. Nc3 c5 3. g3 g6 4. Bg2 Bg7 5. d3 O-O 6. e4 d6 7. Nge2 Nc6 8. O-O
Rb8 9. f4 Bg4 10. h3 Bxe2 11. Nxe2 Ne8 12. Rb1 Nc7 13. Be3 Ne6 14. Qd2 Ned4 15.
Nc3 e6 16. Kh2 a6 17. Rbe1 b5 18. b3 Qa5 19. Ne2 Qxd2 20. Bxd2 Nc2 21. Rd1 N6b4
22. Nc1 Bd4 23. Rf3 f5 24. Bf1 Rb7 25. Be2 a5 26. cxb5 Rxb5 27. g4 Rb7 28. Rg3
Rg7 29. Rf1 Ra8 30. Bd1 Na3 31. Bf3 Raa7 32. Ne2 Nxd3 33. Nxd4 cxd4 34. exf5
gxf5 35. Be2 Nc5 36. Bc1 Nc2 37. Bb2 Ne3 38. Bxd4 Nxf1+ 39. Bxf1 Rg6 40. Bc4
Kf8 41. a3 Rc7 42. g5 Ne4 43. Rd3 d5 44. Bb5 Rc2+ 45. Kg1 Kf7 46. h4 Rg8 47.
Ba6 Ra8 48. Bb5 Rac8 49. Be3 Ra2 50. b4 axb4 51. axb4 Ra1+ 52. Kg2 Rc2+ 53. Bd2
Rxd2+ 54. Rxd2 Nxd2 55. h5 Rb1 56. Bd7 Rxb4 57. g6+ hxg6 58. hxg6+ Kxg6 59.
Bxe6 d4 0-1

[Event "16. Torneo Aficionados Benidorm s-2000"]
[Site "Benidorm ESP"]
[Date "2017.12.05"]
[Round "6.7"]
[White "Lisarri Tomas, Antonio"]
[Black "Garcia Gomez, Pedro"]
[Result "1/2-1/2"]
[WhiteElo "1959"]
[BlackElo "1795"]
[PlyCount "60"]
[EventDate "2017.12.01"]
[EventType "swiss"]
[EventRounds "10"]
[EventCountry "ESP"]
[SourceTitle "Ajedrez en Madrid"]
[Source "lmi"]
[SourceDate "2017.12.01"]
[SourceVersion "1"]
[SourceVersionDate "2018.01.25"]
[SourceQuality "1"]

1. c4 Nf6 2. Nc3 g6 3. g3 Bg7 4. Bg2 O-O 5. Nf3 d6 6. d4 Nbd7 7. O-O e5 8. e4
a6 9. h3 b5 10. cxb5 axb5 11. b4 c6 12. dxe5 Nxe5 13. Nxe5 dxe5 14. Be3 Be6 15.
Qc2 Qc8 16. Kh2 Rd8 17. Rfd1 Bf8 18. Rxd8 Qxd8 19. Rd1 Qc8 20. Qb2 Qa6 21. Rb1
h5 22. Bf1 Qa3 23. Bc1 Qxb2 24. Rxb2 Nd7 25. Bd3 Nb6 26. Be3 Nc4 27. Bxc4 Bxc4
28. f3 Ra3 29. Bd2 f5 30. Kg2 Kg7 1/2-1/2

[Event "16. Torneo Aficionados Benidorm s-2000"]
[Site "Benidorm ESP"]
[Date "2017.12.05"]
[Round "6.8"]
[White "Cano Sevilla, Ivan"]
[Black "Castrillon Otero, Javier"]
[Result "0-1"]
[WhiteElo "1887"]
[BlackElo "1992"]
[PlyCount "180"]
[EventDate "2017.12.01"]
[EventType "swiss"]
[EventRounds "10"]
[EventCountry "ESP"]
[SourceTitle "Ajedrez en Madrid"]
[Source "lmi"]
[SourceDate "2017.12.01"]
[SourceVersion "1"]
[SourceVersionDate "2018.01.25"]
[SourceQuality "1"]

1. d4 d5 2. Bf4 Nf6 3. Nf3 e6 4. e3 c5 5. c3 Nc6 6. Nbd2 Bd6 7. Ne5 O-O 8. Bd3
Qc7 9. Ndf3 Ne4 10. Bg3 f6 11. Nxc6 bxc6 12. Qc2 f5 13. Bxd6 Qxd6 14. O-O a5
15. Ne5 Ba6 16. f3 Nf6 17. Rfe1 Bxd3 18. Nxd3 Nd7 19. Kh1 Ra7 20. e4 c4 21. Ne5
Nxe5 22. dxe5 Qb8 23. exd5 cxd5 24. f4 Rb7 25. Rab1 g6 26. Re2 Rc8 27. Rd1 Rc5
28. h3 Rcb5 29. Qa4 Qc7 30. Rdd2 Qc6 31. Kh2 Qb6 32. Qa3 Kf7 33. Qa4 Qc5 34.
Qd1 Ke8 35. Qe1 Qe7 36. Qf2 a4 37. a3 Kd8 38. Qe1 Kc8 39. Qf2 Qd8 40. Qg3 Kb8
41. Qf2 Ka8 42. Qg3 R5b6 43. Qf2 Ka7 44. Qc5 Qb8 45. Qa5+ Ra6 46. Qc5+ Ka8 47.
Qf2 Rb5 48. Qh4 Ra7 49. Qf6 Rb6 50. Rf2 Rab7 51. Rfe2 Qg8 52. Qh4 Ka7 53. Qf6
Ka6 54. Qh4 Qg7 55. Rf2 h6 56. Rfe2 g5 57. Qf2 Rb8 58. g3 Rg8 59. Rd1 Qe7 60.
Rg1 Rbb8 61. Ree1 Rg7 62. Rg2 Rbg8 63. Reg1 Kb5 64. Qd2 Qc5 65. Qe1 gxf4 66.
gxf4 Qxg1+ 67. Rxg1 Rxg1 68. Qe2 R8g2+ 69. Qxg2 Rxg2+ 70. Kxg2 Kc5 71. Kf2 d4
72. Ke2 Kd5 73. Kf3 d3 74. Ke3 Kc6 75. Kd2 Kd7 76. h4 Ke7 77. h5 Kd8 78. Ke3
Kc7 79. Kf2 Kc6 80. Kf3 Kb6 81. Kf2 Kb5 82. Kf3 Kc6 83. Kf2 Kd5 84. Ke3 d2 85.
Kxd2 Ke4 86. b4 axb3 87. a4 Kd5 88. Kc1 Kc6 89. Kb1 Kb6 90. Kb2 Ka6 0-1

[Event "16. Torneo Aficionados Benidorm s-2000"]
[Site "Benidorm ESP"]
[Date "2017.12.05"]
[Round "6.9"]
[White "Buitron Ramil, David"]
[Black "Juciute, Einora"]
[Result "1-0"]
[WhiteElo "1974"]
[BlackElo "1868"]
[PlyCount "135"]
[EventDate "2017.12.01"]
[EventType "swiss"]
[EventRounds "10"]
[EventCountry "ESP"]
[SourceTitle "Ajedrez en Madrid"]
[Source "lmi"]
[SourceDate "2017.12.01"]
[SourceVersion "1"]
[SourceVersionDate "2018.01.25"]
[SourceQuality "1"]

1. e4 e6 2. d4 d5 3. Nc3 Bb4 4. e5 c5 5. a3 cxd4 6. axb4 dxc3 7. Qg4 Ne7 8.
Qxg7 Rg8 9. Qxh7 Nbc6 10. bxc3 Nxe5 11. Be3 Qc7 12. Ne2 N5g6 13. Bc5 Rh8 14.
Qg7 Nf5 15. Qf6 b6 16. Bd4 Nxd4 17. Qxd4 Rxh2 18. Rxh2 Qxh2 19. g3 Qh8 20. b5
Qxd4 21. cxd4 Ne7 22. c3 Bd7 23. Nc1 Nc8 24. Rb1 Nd6 25. Bd3 Rc8 26. Ne2 Ke7
27. f4 Rh8 28. Kf2 f6 29. Kg2 Be8 30. Ra1 Nc8 31. Ng1 Bh5 32. Re1 Bg4 33. f5
Kd7 34. fxe6+ Bxe6 35. Nf3 Nd6 36. Ra1 Nc8 37. Nh4 Bg4 38. Rf1 Ke6 39. Rf4 Bh5
40. Bf5+ Ke7 41. Bg6 Be2 42. Be4 Rd8 43. Bxd5 Rxd5 44. Re4+ Kd7 45. Rxe2 Rxb5
46. Ng6 a5 47. Nf4 a4 48. Ra2 Ra5 49. Kf2 Nd6 50. Ke2 Ne4 51. Kd3 Nxg3 52. c4
f5 53. Nd5 b5 54. c5 a3 55. Kc3 Ne4+ 56. Kb4 Ra4+ 57. Kxb5 Rxd4 58. Nb6+ Ke6
59. c6 Rd3 60. c7 Rb3+ 61. Ka5 Nd6 62. Re2+ Kf6 63. Rd2 Rb5+ 64. Ka4 Rc5 65.
Nd7+ Kg5 66. Nxc5 Nc8 67. Kxa3 f4 68. Ne6+ 1-0

[Event "16. Torneo Aficionados Benidorm s-2000"]
[Site "Benidorm ESP"]
[Date "2017.12.05"]
[Round "6.10"]
[White "Fraga Pons, Albert Borja"]
[Black "Gutierrez Abarrategui, Luis"]
[Result "1-0"]
[WhiteElo "1952"]
[BlackElo "1849"]
[PlyCount "105"]
[EventDate "2017.12.01"]
[EventType "swiss"]
[EventRounds "10"]
[EventCountry "ESP"]
[SourceTitle "Ajedrez en Madrid"]
[Source "lmi"]
[SourceDate "2017.12.01"]
[SourceVersion "1"]
[SourceVersionDate "2018.01.25"]
[SourceQuality "1"]

1. e4 e6 2. Nf3 d5 3. Nc3 dxe4 4. Nxe4 Nd7 5. d4 Ngf6 6. Nxf6+ Nxf6 7. Bd3 c5
8. dxc5 Bxc5 9. Bg5 Bd7 10. Qe2 h6 11. Bd2 Qc7 12. Ne5 Bxf2+ 13. Kd1 Bc5 14.
Nxd7 Nxd7 15. Rf1 Be7 16. Bc3 Bf6 17. Bxf6 Nxf6 18. a4 O-O-O 19. Ra3 Nd5 20. g3
Rhe8 21. Kc1 Rd6 22. a5 a6 23. Be4 Re7 24. Rd1 Red7 25. Rdd3 Qd8 26. Kb1 Nb4
27. Rxd6 Rxd6 28. Qc4+ Nc6 29. Bf3 Kb8 30. Qf4 Qc7 31. c3 e5 32. Qe4 g6 33. g4
Nxa5 34. Rxa5 f6 35. Ra4 Rb6 36. Rb4 Rxb4 37. Qxb4 f5 38. gxf5 gxf5 39. Qf8+
Qc8 40. Qxh6 e4 41. Qd6+ Qc7 42. Qxc7+ Kxc7 43. Bh5 Kd6 44. Kc2 Ke5 45. Kd2 Kf6
46. h4 f4 47. Bg4 a5 48. Ke2 b6 49. b3 Kg6 50. c4 Kf6 51. Kd2 Kg6 52. Kc3 f3
53. Kd2 1-0

[Event "16. Torneo Aficionados Benidorm s-2000"]
[Site "Benidorm ESP"]
[Date "2017.12.05"]
[Round "6.11"]
[White "Denisik, Sergei"]
[Black "Perez Garcia, Juan Angel"]
[Result "1-0"]
[WhiteElo "1890"]
[BlackElo "1950"]
[PlyCount "75"]
[EventDate "2017.12.01"]
[EventType "swiss"]
[EventRounds "10"]
[EventCountry "ESP"]
[SourceTitle "Ajedrez en Madrid"]
[Source "lmi"]
[SourceDate "2017.12.01"]
[SourceVersion "1"]
[SourceVersionDate "2018.01.25"]
[SourceQuality "1"]

1. e4 e5 2. Nf3 Nc6 3. d4 exd4 4. Nxd4 Nf6 5. Nxc6 bxc6 6. Bd3 d5 7. exd5 cxd5
8. O-O Be7 9. Bf4 O-O 10. h3 Rb8 11. b3 Be6 12. Nd2 Rb4 13. Bg3 Qd7 14. a3 Rb6
15. Re1 Bc5 16. Nf3 a5 17. Qd2 Ra8 18. Be5 Bxh3 19. gxh3 Qxh3 20. Qf4 Ne4 21.
Bxe4 dxe4 22. Qxf7+ Kxf7 23. Ng5+ Kg8 24. Nxh3 Rg6+ 25. Kf1 Re8 26. Rxe4 Rge6
27. Rae1 Bxa3 28. f3 Rf8 29. Ke2 Rc6 30. Kd3 Rxf3+ 31. R1e3 Rf8 32. Bd4 Bc1 33.
Rg3 g6 34. Re7 Bh6 35. Ng5 Rd6 36. Nxh7 Rxd4+ 37. Kxd4 Bg7+ 38. Rxg7+ 1-0

[Event "16. Torneo Aficionados Benidorm s-2000"]
[Site "Benidorm ESP"]
[Date "2017.12.06"]
[Round "7.2"]
[White "Cebolla Moll, Ricardo"]
[Black "Ramon Gualberto, Arturo"]
[Result "1/2-1/2"]
[WhiteElo "1957"]
[BlackElo "1960"]
[PlyCount "40"]
[EventDate "2017.12.01"]
[EventType "swiss"]
[EventRounds "10"]
[EventCountry "ESP"]
[SourceTitle "Ajedrez en Madrid"]
[Source "lmi"]
[SourceDate "2017.12.01"]
[SourceVersion "1"]
[SourceVersionDate "2018.01.25"]
[SourceQuality "1"]

1. e4 c6 2. d4 d5 3. exd5 cxd5 4. Bb5+ Bd7 5. Bxd7+ Qxd7 6. Nf3 Nc6 7. O-O e6
8. Bf4 Nf6 9. c3 Be7 10. Nbd2 O-O 11. Ne5 Qd8 12. h3 Nxe5 13. Bxe5 a6 14. Re1
Bd6 15. Bxd6 Qxd6 16. Nf3 Rfc8 17. Ne5 Nd7 18. Nxd7 Qxd7 19. Re3 b5 20. a3 Qd6
1/2-1/2

[Event "16. Torneo Aficionados Benidorm s-2000"]
[Site "Benidorm ESP"]
[Date "2017.12.06"]
[Round "7.3"]
[White "Castillo Garcia, Adrian"]
[Black "Garcia Serrano, Jose M"]
[Result "0-1"]
[WhiteElo "1993"]
[BlackElo "1891"]
[PlyCount "42"]
[EventDate "2017.12.01"]
[EventType "swiss"]
[EventRounds "10"]
[EventCountry "ESP"]
[SourceTitle "Ajedrez en Madrid"]
[Source "lmi"]
[SourceDate "2017.12.01"]
[SourceVersion "1"]
[SourceVersionDate "2018.01.25"]
[SourceQuality "1"]

1. c4 e5 2. Nc3 Nf6 3. g3 d5 4. cxd5 c6 5. d4 exd4 6. Qxd4 cxd5 7. Bg5 Nc6 8.
Qd2 d4 9. Bxf6 gxf6 10. Bg2 dxc3 11. Qxc3 Bd7 12. a3 Qa5 13. Qxa5 Nxa5 14. Nf3
Nb3 15. Rd1 O-O-O 16. Rd3 Be6 17. Rc3+ Kb8 18. O-O Be7 19. e4 Nd2 20. Nxd2 Rxd2
21. b4 Rhd8 0-1

[Event "16. Torneo Aficionados Benidorm s-2000"]
[Site "Benidorm ESP"]
[Date "2017.12.06"]
[Round "7.4"]
[White "Castrillon Otero, Javier"]
[Black "La Orden Gil, Javier"]
[Result "1-0"]
[WhiteElo "1992"]
[BlackElo "1879"]
[PlyCount "91"]
[EventDate "2017.12.01"]
[EventType "swiss"]
[EventRounds "10"]
[EventCountry "ESP"]
[SourceTitle "Ajedrez en Madrid"]
[Source "lmi"]
[SourceDate "2017.12.01"]
[SourceVersion "1"]
[SourceVersionDate "2018.01.25"]
[SourceQuality "1"]

1. d4 Nf6 2. c4 g6 3. Nc3 d5 4. cxd5 Nxd5 5. e4 Nxc3 6. bxc3 Bg7 7. Nf3 c5 8.
Be3 Qa5 9. Qd2 cxd4 10. cxd4 Qxd2+ 11. Nxd2 O-O 12. Rc1 Nc6 13. Nb3 e6 14. Bb5
Bd7 15. O-O a6 16. Be2 Rfc8 17. Rfd1 Be8 18. Nc5 Nb4 19. a3 Na2 20. Rc2 b6 21.
Rxa2 bxc5 22. dxc5 Bf8 23. Rc1 a5 24. Rb2 Bc6 25. f3 e5 26. Bc4 Kg7 27. Bd5 Ra7
28. Rb6 Rac7 29. Bxc6 Rxc6 30. Rxc6 Rxc6 31. Kf2 Kf6 32. Ke2 Ke6 33. Kd3 Rc8
34. Kc4 Rb8 35. Rc2 Be7 36. g3 f5 37. h4 Bd8 38. Rd2 Bc7 39. c6 f4 40. gxf4
exf4 41. Bc5 h5 42. Rd7 Be5 43. Re7+ Kf6 44. Kd5 Rd8+ 45. Rd7 Re8 46. Be7+ 1-0

[Event "16. Torneo Aficionados Benidorm s-2000"]
[Site "Benidorm ESP"]
[Date "2017.12.06"]
[Round "7.5"]
[White "Lerendegui Lasa, Odei"]
[Black "Denisik, Sergei"]
[Result "1-0"]
[WhiteElo "1975"]
[BlackElo "1890"]
[PlyCount "149"]
[EventDate "2017.12.01"]
[EventType "swiss"]
[EventRounds "10"]
[EventCountry "ESP"]
[SourceTitle "Ajedrez en Madrid"]
[Source "lmi"]
[SourceDate "2017.12.01"]
[SourceVersion "1"]
[SourceVersionDate "2018.01.25"]
[SourceQuality "1"]

1. e4 e5 2. Nf3 Qe7 3. Nc3 c6 4. d4 d6 5. Bg5 Nf6 6. Qd2 h6 7. Bh4 Bg4 8. O-O-O
Nbd7 9. h3 Bxf3 10. gxf3 exd4 11. Qxd4 Qe5 12. Qe3 Nh5 13. Nd5 cxd5 14. Rxd5
Qe6 15. Rxh5 Qxa2 16. Qc3 f6 17. Ra5 Qe6 18. Bc4 Qe7 19. Bg3 Ne5 20. Bb3 Nc6
21. Rd5 O-O-O 22. Rhd1 Qc7 23. Ba4 Be7 24. Bxc6 Qxc6 25. Qb3 Rd7 26. R1d3 Kb8
27. Kd2 Rc8 28. Rc3 Qa6 29. Rdc5 Rxc5 30. Rxc5 Qb6 31. Qxb6 axb6 32. Rb5 Kc7
33. Kd3 Kc6 34. Rd5 Rd8 35. h4 b5 36. Bf4 Ra8 37. Kc3 f5 38. Rxf5 Bxh4 39. Rd5
Be7 40. Rf5 Bf6+ 41. e5 dxe5 42. Bxe5 Bxe5+ 43. Rxe5 Rf8 44. Re3 Rf6 45. Kd3
Kd6 46. c3 Re6 47. f4 b6 48. b3 h5 49. Rg3 g6 50. Rg5 h4 51. Rg4 h3 52. Rh4 Ke7
53. Rxh3 Kf6 54. Re3 Rd6+ 55. Ke4 Rc6 56. Kd5 Rc5+ 57. Ke4 b4 58. c4 Rc6 59.
Rd3 Re6+ 60. Kf3 Rc6 61. Rd5 Ke6 62. Rb5 Rd6 63. Rxb4 Kf6 64. Rb5 Ke6 65. Re5+
Kf6 66. Ke4 Rd2 67. Rb5 Rd6 68. b4 Re6+ 69. Re5 Rd6 70. f5 gxf5+ 71. Rxf5+ Kg6
72. Rb5 Kf6 73. f4 Ke6 74. Rh5 Kd7 75. Rd5 1-0

[Event "16. Torneo Aficionados Benidorm s-2000"]
[Site "Benidorm ESP"]
[Date "2017.12.06"]
[Round "7.6"]
[White "Selva Salvador, Antonio"]
[Black "Buitron Ramil, David"]
[Result "0-1"]
[WhiteElo "1934"]
[BlackElo "1974"]
[PlyCount "88"]
[EventDate "2017.12.01"]
[EventType "swiss"]
[EventRounds "10"]
[EventCountry "ESP"]
[SourceTitle "Ajedrez en Madrid"]
[Source "lmi"]
[SourceDate "2017.12.01"]
[SourceVersion "1"]
[SourceVersionDate "2018.01.25"]
[SourceQuality "1"]

1. c4 Nf6 2. Nc3 g6 3. e4 d6 4. g3 Bg7 5. Bg2 O-O 6. Nge2 e5 7. d3 c6 8. O-O
Be6 9. h3 Nfd7 10. Be3 f5 11. Qd2 Rf7 12. Rab1 a5 13. b4 Nf6 14. Kh2 Qf8 15.
bxa5 fxe4 16. Nxe4 Nxe4 17. Bxe4 d5 18. Bg2 d4 19. Bg5 h6 20. Bh4 g5 21. Bxg5
hxg5 22. Qxg5 Bc8 23. f4 Rxa5 24. fxe5 Rxe5 25. Qd2 Ref5 26. Kg1 Bh6 27. Nf4
Bxf4 28. gxf4 Rxf4 29. Rxf4 Rxf4 30. Re1 Na6 31. Re5 Rf7 32. Qe1 Nc7 33. Qe4
Rg7 34. Kh1 Qf2 35. Re7 Rxe7 36. Qxe7 Ne6 37. Be4 Qf7 38. Qd6 Qf1+ 39. Kh2 Qf4+
40. Qxf4 Nxf4 41. h4 Kg7 42. Kg3 Ne2+ 43. Kf2 Nc3 44. Bf3 Bf5 0-1

[Event "16. Torneo Aficionados Benidorm s-2000"]
[Site "Benidorm ESP"]
[Date "2017.12.06"]
[Round "7.7"]
[White "Martinez De Soria Gordon, Jose M"]
[Black "Fraga Pons, Albert Borja"]
[Result "0-1"]
[WhiteElo "1930"]
[BlackElo "1952"]
[PlyCount "82"]
[EventDate "2017.12.01"]
[EventType "swiss"]
[EventRounds "10"]
[EventCountry "ESP"]
[SourceTitle "Ajedrez en Madrid"]
[Source "lmi"]
[SourceDate "2017.12.01"]
[SourceVersion "1"]
[SourceVersionDate "2018.01.25"]
[SourceQuality "1"]

1. e4 c5 2. Nc3 Nc6 3. g3 g6 4. Bg2 Bg7 5. d3 e6 6. Be3 d6 7. Qc1 Nd4 8. Nce2
Rb8 9. c3 Nxe2 10. Nxe2 Ne7 11. Bh6 O-O 12. h4 f6 13. O-O Bd7 14. Bxg7 Kxg7 15.
Qe3 e5 16. d4 Qc7 17. d5 b5 18. Kh2 Rf7 19. f3 Rbf8 20. g4 h6 21. Bh3 Qc8 22.
Rg1 Kh7 23. f4 Rh8 24. Raf1 Kg7 25. Rf2 Qe8 26. Rgf1 Rhf8 27. Ng3 exf4 28. Qxf4
Nc8 29. h5 g5 30. Qd2 Nb6 31. b3 Re7 32. Qd3 Re5 33. Nf5+ Bxf5 34. Rxf5 Rxe4
35. R1f2 Re3 36. Qc2 Qe4 37. Qd2 Rd3 38. Qc2 Qe3 39. Bg2 Rxc3 40. Rxg5+ Kh8 41.
Rxf6 Rxf6 0-1

[Event "16. Torneo Aficionados Benidorm s-2000"]
[Site "Benidorm ESP"]
[Date "2017.12.06"]
[Round "7.8"]
[White "Garcia Martinez, Oscar"]
[Black "Vakulenko, Oleksandr"]
[Result "1/2-1/2"]
[WhiteElo "1838"]
[BlackElo "1943"]
[PlyCount "41"]
[EventDate "2017.12.01"]
[EventType "swiss"]
[EventRounds "10"]
[EventCountry "ESP"]
[SourceTitle "Ajedrez en Madrid"]
[Source "lmi"]
[SourceDate "2017.12.01"]
[SourceVersion "1"]
[SourceVersionDate "2018.01.25"]
[SourceQuality "1"]

1. Nf3 f5 2. e4 fxe4 3. Ng5 d5 4. d3 Qd6 5. dxe4 h6 6. Qh5+ g6 7. Qh4 Bg7 8.
Nf3 dxe4 9. Qxe4 Nc6 10. c3 Bf5 11. Qa4 O-O-O 12. Be3 Nf6 13. Na3 Ng4 14. Nc4
Qe6 15. h3 Nxe3 16. Nxe3 Bd3 17. Bxd3 Rxd3 18. O-O Rhd8 19. Qg4 Qxg4 20. hxg4
Bf6 21. Rfd1 1/2-1/2

[Event "16. Torneo Aficionados Benidorm s-2000"]
[Site "Benidorm ESP"]
[Date "2017.12.06"]
[Round "7.9"]
[White "Garcia Gomez, Pedro"]
[Black "Estevez Jacome, Jose Ramon"]
[Result "0-1"]
[WhiteElo "1795"]
[BlackElo "1937"]
[PlyCount "48"]
[EventDate "2017.12.01"]
[EventType "swiss"]
[EventRounds "10"]
[EventCountry "ESP"]
[SourceTitle "Ajedrez en Madrid"]
[Source "lmi"]
[SourceDate "2017.12.01"]
[SourceVersion "1"]
[SourceVersionDate "2018.01.25"]
[SourceQuality "1"]

1. e4 c5 2. Nf3 e6 3. c3 d5 4. exd5 exd5 5. d4 cxd4 6. Nxd4 Nf6 7. Bb5+ Bd7 8.
O-O Be7 9. c4 O-O 10. Nc3 dxc4 11. Bxc4 Nc6 12. Re1 Rc8 13. Nf3 h6 14. Bf4 Qb6
15. Rc1 Rfd8 16. Na4 Qa5 17. Qb3 Qh5 18. Ne5 Be8 19. Nxc6 Rxc6 20. Rxe7 b5 21.
Be2 Rxc1+ 22. Bxc1 bxa4 23. Qf3 Qc5 24. Qc3 Qxe7 0-1

[Event "16. Torneo Aficionados Benidorm s-2000"]
[Site "Benidorm ESP"]
[Date "2017.12.06"]
[Round "7.10"]
[White "Kenani, Dariush"]
[Black "Nazarov, Alexander"]
[Result "0-1"]
[WhiteElo "1912"]
[BlackElo "1931"]
[PlyCount "80"]
[EventDate "2017.12.01"]
[EventType "swiss"]
[EventRounds "10"]
[EventCountry "ESP"]
[SourceTitle "Ajedrez en Madrid"]
[Source "lmi"]
[SourceDate "2017.12.01"]
[SourceVersion "1"]
[SourceVersionDate "2018.01.25"]
[SourceQuality "1"]

1. d4 g6 2. e4 Bg7 3. h4 h5 4. Bc4 c5 5. c3 Nc6 6. Ne2 Nf6 7. e5 Ng4 8. f3 Nh6
9. Na3 O-O 10. Nf4 e6 11. Be3 cxd4 12. cxd4 Nf5 13. Bf2 d6 14. d5 Qa5+ 15. Kf1
dxe5 16. Nxe6 fxe6 17. dxc6 bxc6 18. Qe2 e4 19. Rd1 Qe5 20. Rh3 exf3 21. Rxf3
Qxe2+ 22. Bxe2 e5 23. Bc4+ Kh7 24. b3 e4 25. Rf4 Be5 26. Rxf5 Bxf5 27. Kg1 Bg4
28. Re1 Rae8 29. Ba6 Bc3 30. Rb1 e3 31. Be1 Bxe1 32. Rxe1 Rf2 33. Nc4 Rxa2 34.
Bb7 Re6 35. Bc8 Re4 36. Bb7 Bd7 37. Nxe3 Rb2 38. Rd1 Be6 39. Nf1 Bd5 40. Ra1
Ree2 0-1

[Event "16. Torneo Aficionados Benidorm s-2000"]
[Site "Benidorm ESP"]
[Date "2017.12.06"]
[Round "7.11"]
[White "Rodriguez Rodriguez, Miguel"]
[Black "Clot Chico, Arnau"]
[Result "1/2-1/2"]
[WhiteElo "1998"]
[BlackElo "1905"]
[PlyCount "116"]
[EventDate "2017.12.01"]
[EventType "swiss"]
[EventRounds "10"]
[EventCountry "ESP"]
[SourceTitle "Ajedrez en Madrid"]
[Source "lmi"]
[SourceDate "2017.12.01"]
[SourceVersion "1"]
[SourceVersionDate "2018.01.25"]
[SourceQuality "1"]

1. c4 e5 2. g3 Nf6 3. Bg2 d5 4. cxd5 Nxd5 5. Nc3 Nb6 6. Nf3 Nc6 7. O-O Be7 8.
d3 O-O 9. a3 Re8 10. Be3 Bf8 11. Rc1 Nd4 12. b4 a5 13. Bxd4 exd4 14. Nb5 c6 15.
Nbxd4 axb4 16. axb4 Bxb4 17. Nc2 Be7 18. Ne3 Be6 19. Ne5 Ra6 20. N5c4 Nxc4 21.
Nxc4 Bd5 22. Bh3 b5 23. Ne3 Bg5 24. Nxd5 Bxc1 25. Nb4 Ra1 26. Nc2 Rb1 27. Na3
Bxa3 28. Qxb1 Rxe2 29. Qb3 Bc5 30. Qd1 Rb2 31. Bg2 Qf6 32. Qf3 Qxf3 33. Bxf3
Rc2 34. Bxc6 Bxf2+ 35. Rxf2 Rxc6 36. Rb2 Rb6 37. Kf2 Kf8 38. Ke3 Ke7 39. Kd4
Kd6 40. Rf2 f6 41. h4 b4 42. Rb2 b3 43. Kc4 h5 44. Rxb3 Rxb3 45. Kxb3 Kd5 46.
Kc3 g5 47. Kd2 Kd4 48. Ke2 gxh4 49. gxh4 f5 50. Kd2 f4 51. Ke2 f3+ 52. Kf2 Kxd3
53. Kxf3 Kd4 54. Kf4 Kd5 55. Kg5 Ke6 56. Kxh5 Kf7 57. Kh6 Kf6 58. h5 Ke5
1/2-1/2

[Event "16. Torneo Aficionados Benidorm s-2000"]
[Site "Benidorm ESP"]
[Date "2017.12.07"]
[Round "8.1"]
[White "Garcia Serrano, Jose M"]
[Black "Daugerts, Janis"]
[Result "0-1"]
[WhiteElo "1891"]
[BlackElo "1940"]
[PlyCount "94"]
[EventDate "2017.12.01"]
[EventType "swiss"]
[EventRounds "10"]
[EventCountry "ESP"]
[SourceTitle "Ajedrez en Madrid"]
[Source "lmi"]
[SourceDate "2017.12.01"]
[SourceVersion "1"]
[SourceVersionDate "2018.01.25"]
[SourceQuality "1"]

1. e4 c5 2. d4 cxd4 3. c3 Nf6 4. e5 Nd5 5. cxd4 d6 6. Bc4 Nb6 7. Bb5+ Bd7 8. e6
Bxb5 9. Qh5 Qc8 10. Qxb5+ Qc6 11. Nc3 fxe6 12. Nf3 Qxb5 13. Nxb5 Kd7 14. O-O
Nc6 15. Bd2 a6 16. Na3 g6 17. Bc3 Nd5 18. Nc4 Bg7 19. a3 b5 20. Ncd2 a5 21. Nb3
a4 22. Nc1 Rhf8 23. Nd3 Rac8 24. Rfe1 Nxc3 25. bxc3 Na5 26. Ng5 Rxc3 27. Rad1
Rf5 28. Nxe6 Bf6 29. Ndc5+ dxc5 30. dxc5+ Kc6 31. Rd8 Re5 32. Nd4+ Kc7 33.
Nxb5+ Kxd8 34. Rd1+ Ke8 35. Nxc3 Rxc5 36. Nxa4 Rb5 37. g3 Nc4 38. Rc1 Nxa3 39.
Rc8+ Kd7 40. Ra8 Bd4 41. Nc3 Bxc3 42. Rxa3 Bd4 43. Kg2 Rb2 44. Rf3 e5 45. h4
Ke6 46. g4 e4 47. Rf4 Ke5 0-1

[Event "16. Torneo Aficionados Benidorm s-2000"]
[Site "Benidorm ESP"]
[Date "2017.12.07"]
[Round "8.2"]
[White "Ramon Gualberto, Arturo"]
[Black "Castrillon Otero, Javier"]
[Result "1-0"]
[WhiteElo "1960"]
[BlackElo "1992"]
[PlyCount "87"]
[EventDate "2017.12.01"]
[EventType "swiss"]
[EventRounds "10"]
[EventCountry "ESP"]
[SourceTitle "Ajedrez en Madrid"]
[Source "lmi"]
[SourceDate "2017.12.01"]
[SourceVersion "1"]
[SourceVersionDate "2018.01.25"]
[SourceQuality "1"]

1. d4 d5 2. c4 e6 3. Nc3 Nf6 4. cxd5 exd5 5. Bg5 Be7 6. e3 c6 7. Bd3 Nbd7 8.
Nge2 Nh5 9. Bxe7 Qxe7 10. Qc2 g6 11. h3 Ng7 12. Nf4 Nb6 13. O-O-O Ne6 14. Nfe2
Bd7 15. Kb1 O-O-O 16. Na4 Nxa4 17. Qxa4 Kb8 18. Qb3 Rc8 19. Nc3 Rc7 20. Rc1 Ng7
21. Ka1 Qf6 22. Rhf1 Re8 23. Na4 b6 24. Nc5 Ka8 25. Nxd7 Rxd7 26. Qa4 Re6 27.
Rc3 Rc7 28. Qc2 Qe7 29. Rc1 Kb7 30. Qa4 a5 31. a3 Qe8 32. Ka2 Nf5 33. Bxf5 gxf5
34. Qc2 Re4 35. g3 Qe6 36. Rh1 c5 37. Ka1 c4 38. a4 Qe8 39. b3 Re6 40. bxc4
Rec6 41. c5 bxc5 42. Rb1+ Ka7 43. dxc5 Rxc5 44. Rxc5 1-0